| 000 | 00867 a2200181 4500 | ||
|---|---|---|---|
| 001 | 140155 | ||
| 040 | _cLeonardo Da Vinci | ||
| 041 | _aPortuguês | ||
| 082 |
_a928 G779g _bG779g |
||
| 245 | _aGrandes vultos brasileiros | ||
| 250 | _av.2 | ||
| 260 |
_bLivraria Jacomo _c19-- _aSão Paulo |
||
| 300 | _a245 | ||
| 362 | _a19--0000 | ||
| 490 | _aGrandes vultos brasileiros | ||
| 697 |
_aBiografia _aArtistas brasileiros _aPersonalidades _aPolíticos _aEuclides da Cunha _aAntonio Gonçalves Dias _aAlberto Santos Dumont _aHermes Rodrigues da Fonseca _aManuel Deodoro da Fonseca _aCarlos Gomes _aJoão Goulart _aSérgio Buarque de holanda _aJucelino Kubitchek _aAntonio Francisco Lisboa _aAleijadinho _aJoaquim Marques Lisboa _aTamandaré _aMonteiro Lobato _aMauá _aEmílio Garrastazu Médici _aPrudente de Morais _aJoaquim Nabuco _aAna Néri _aFernão Dias Pais _aBrasil |
||
| 942 | _cBK | ||
| 999 |
_c140155 _d140155 |
||